LIBRARY & INFORMATION CENTRE, KCAET, TAVANUR

ONLINE PUBLIC ACCESS CATALOGUE (OPAC)

Poems of George Herbert / (Record no. 1027)

MARC details
000 -LEADER
fixed length control field 00365cam a2200145ua 4500
041 ## - LANGUAGE CODE
Language code of text/sound track or separate title eng
082 ## - DEWEY DECIMAL CLASSIFICATION NUMBER
Classification number 821
Item number HER/PO
100 ## - MAIN ENTRY--AUTHOR NAME
Personal name Herbert, George .
245 ## - TITLE STATEMENT
Title Poems of George Herbert /
260 ## - PUBLICATION, DISTRIBUTION, ETC. (IMPRINT)
Place of publication London :
Name of publisher Oxford University Press ,
Year of publication 1961.
300 ## - PHYSICAL DESCRIPTION
Number of Pages 285 ; .
942 ## - ADDED ENTRY ELEMENTS (KOHA)
Koha item type Books
Holdings
Withdrawn status Lost status Damaged status Home library Current library Date acquired Cost, normal purchase price Full call number Accession Number Koha item type Public note
Withdrawn     KAUAET Sanskrit University 07/04/2012 7.60 821 6619 Books Transferred to Sanskrit University
free website counter